Význam pružnosti pri reprofilácii výroby
Potreba rýchleho reagovania výrobcov na zmeny trhových podmienok. Význam pružnosti pri reprofilácii výroby. Charakteristika pružnej výroby tvorenej bunkovou štruktúrou. Stratégia rozhodovania sa pre pružnú výrobu. Koncipovanie pružných výrob.
Saved in:
| Main Author: | |
|---|---|
| Format: | Book Chapter |
| Language: | Czech |
| Subjects: | |
| Tags: |
No Tags, Be the first to tag this record!
|
MARC
| LEADER | 00000naa a2200000 4500 | ||
|---|---|---|---|
| 001 | r022974 | ||
| 005 | 20230922083904.1 | ||
| 041 | 0 | |a cze | |
| 044 | |a CZ | ||
| 245 | 1 | 0 | |a Význam pružnosti pri reprofilácii výroby |c M. Hajduk |
| 520 | |a Potreba rýchleho reagovania výrobcov na zmeny trhových podmienok. Význam pružnosti pri reprofilácii výroby. Charakteristika pružnej výroby tvorenej bunkovou štruktúrou. Stratégia rozhodovania sa pre pružnú výrobu. Koncipovanie pružných výrob. | ||
| 610 | 2 | 0 | |a pružnosť organizácie |
| 610 | 2 | 0 | |a výroba |
| 610 | 2 | 0 | |a zmeny organizačné |
| 610 | 2 | 0 | |a reorganizácia |
| 610 | 2 | 0 | |a inovácia |
| 610 | 2 | 0 | |a schémy organizačné |
| 100 | 1 | |a Hajduk, M. | |